000 00511nam a2200169 i 4500
001 94459
003 ES-MaACL
007 t|
008 050504s1983 sp ||||1| spa d
020 _a84-7162-900-3
100 1 _aLorenzo Salgado, José María.
_974196
245 1 4 _aLas drogas en el ordenamiento penal español /
_cJosé María Lorenzo Salgado.
250 _a2ª ed. amp. y puesta al día.
260 _aBarcelona :
_bBosch,
_c1983.
300 _a240 p. ;
_c21 cm.
852 _aES-MaACL
_jL-8838
_bR.110369
999 _c94459
_d94459